000
00281nam a2200133Ia 4500
100
_a
Riggs/James
942
_c
BK
654
_a
Production
245
_a
Production Systems
260
_b
John Wiley & Sons
_a
New York
_c
1976
082
_a
658.5
300
_a
677
546
_a
ENGLISH
999
_c
22020
_d
22020